| 000 | 00773nam a2200229Ia 4500 | ||
|---|---|---|---|
| 003 | GCL | ||
| 008 | 140319s9999 xx 000 0 ara d | ||
| 040 |
_aGCL / _cGCL |
||
| 082 | 0 | 4 |
_a372.216 _bم ت |
| 100 | 1 | _aمصطفى محمد عبد العزيز حسن | |
| 245 | 1 | 0 |
_aالتعبير الفنى عند الاطفال / _cمصطفى محمد عبد العزيز حسن |
| 260 |
_a[S.N] : _bمكتبة الانجلوالمصرية ، _c1994 |
||
| 300 | _a260 ص | ||
| 490 | _a | ||
| 650 | 0 | 4 | _aرياض الاطفال |
| 650 | 0 | 4 | _aعلم النفس التربوى |
| 650 | 0 | 4 | _aحفلات الاطفال |
| 650 | 0 | 4 | _aالفروق الفردية فى التعليم |
| 650 | 0 | 4 | _aاللعب |
| 650 | 0 | 4 | _aالاطفال الموهوبون |
| 942 |
_2ddc _cBK |
||
| 999 |
_c37255 _d37255 |
||